Statistiken für Zufällige Länder auf einer topologischen Karte

Klicken Sie hier um das Quiz zu spielen!

Allgemein

  • Dieses Quiz wurde 6.333 mal gespielt
  • Das Durchschnittsergebnis liegt bei 10 aus 20

Antworten auf der Karte

Die Antworten werden auf der Karte rot bzw. grün angezeigt, abhängig davon wie oft sie richtig erraten wurden.
 

Antwortstatistiken

Land% Korrekt
Vereinigte Staaten
94%
China
89%
Russland
89%
Kanada
87%
Chile
81%
Deutschland
81%
Mexiko
81%
Brasilien
80%
Frankreich
73%
Argentinien
71%
Italien
67%
Bolivien
65%
Südafrika
65%
Uruguay
65%
Peru
64%
Algerien
62%
Ukraine
61%
Guatemala
59%
Indien
59%
D. R. Kongo
58%
Ecuador
58%
Honduras
57%
Paraguay
57%
Spanien
57%
Sudan
57%
Irak
56%
Saudi-Arabien
56%
El Salvador
55%
Iran
55%
Panama
55%
Venezuela
55%
Kolumbien
54%
Namibia
54%
Österreich
54%
Türkei
54%
Vatikanstadt
54%
Ägypten
52%
Griechenland
52%
Jemen
52%
Lettland
52%
Libyen
52%
Andorra
51%
Guyana
51%
Belarus
50%
Schweiz
50%
Belize
49%
Estland
49%
Marokko
49%
San Marino
49%
Tunesien
49%
Costa Rica
48%
Nicaragua
48%
Luxemburg
47%
Niger
47%
Polen
47%
Israel
46%
Mali
46%
Kenia
45%
Lesotho
45%
Litauen
45%
Syrien
45%
Tansania
45%
Dänemark
44%
Oman
44%
Angola
43%
Burundi
43%
Liechtenstein
43%
Monaco
43%
Nepal
43%
Slowenien
43%
Eswatini
42%
Georgien
42%
Kroatien
42%
Mongolei
42%
Pakistan
42%
Ruanda
42%
Rumänien
42%
Vereinigte Arabische Emirate
42%
Belgien
41%
Simbabwe
41%
Tschad
41%
Eritrea
40%
Finnland
40%
Katar
40%
Portugal
40%
Republik Kongo
40%
Serbien
40%
Suriname
40%
Jordanien
39%
Mosambik
39%
Norwegen
39%
Aserbaidschan
38%
Bhutan
38%
Indonesien
38%
Somalia
38%
Moldawien
37%
Senegal
37%
Ungarn
37%
Afghanistan
36%
Bulgarien
36%
Niederlande
36%
Schweden
36%
Südkorea
36%
Kosovo
35%
Südsudan
35%
Uganda
35%
Vietnam
35%
Albanien
34%
Bosnien und Herzegowina
34%
Botswana
34%
Kasachstan
34%
Libanon
34%
Mauretanien
34%
Gambia
33%
Laos
33%
Myanmar
33%
Zentralafrikanische Republik
33%
Äthiopien
32%
Kuwait
32%
Sambia
32%
Tschechien
32%
Dschibuti
31%
Thailand
31%
Usbekistan
31%
Benin
30%
Nigeria
30%
Armenien
29%
Bangladesch
29%
Guinea
29%
Malawi
29%
Togo
29%
Turkmenistan
29%
Kamerun
28%
Liberia
28%
Nordkorea
28%
Slowakei
28%
Ghana
27%
Malaysia
27%
Elfenbeinküste
26%
Kirgisistan
26%
Gabun
25%
Guinea-Bissau
24%
Kambodscha
24%
Osttimor
24%
Burkina Faso
23%
Montenegro
23%
Sierra Leone
21%
Brunei
20%
Papua-Neuguinea
20%
Tadschikistan
20%
Nordmazedonien
19%
Äquatorial-Guinea
16%

Verteilung der Resultate

Perzentil nach korrekt beantworteten Fragen

Anzahl Personen mit jedem Resultat

Ihre Resultats-Entwicklung

Sie haben dieses Quiz noch nicht gespielt